000 01141nam a22002537a 4500
001 1827
005 20231107081647.0
020 _a9781407135540
040 _aFISKH
_beng
_cFISKH
_dFISKH
050 _aPZ7.W36832
082 _a823.92
100 _aWebb, Holly
245 _aHamstermagic
_cHolly Webb
250 _aThis edition published by Scholastic Ltd, 2013
260 _aLondon :
_bScholastic,
_c2013
300 _a180, 11 unnumberd pages :
_c20 cm
505 _aM
520 _aEleven-year-old Lottie's adventures in her uncle's pet shop continue! Magical cats, silly pink mice, and a bilingual dachshund all make Lottie's new home a perpetually surprising place. Her own magical abilities are growing, but will her powers be enough to stop a new threat in Netherbridge?A new neighbor has come to town, with magic stronger than Lottie's and a mind to make trouble. Fortunately, the pet shop's newest resident, Giles the hamster, is ready to help. Lucky for Lottie, he's bold, bossy, and incredibly brave!
521 _a670
_bLexile
521 _aM
_bRaz-Plus
650 _2Hamster
650 _2Pets
942 _2ddc
_cBK
_n0
999 _c1827
_d1827